| 000 | 00385 a2200145 4500 | ||
|---|---|---|---|
| 005 | 20250628070254.0 | ||
| 020 | _a0-471-32513-9 | ||
| 082 | _a658.7'87 BER. | ||
| 100 | _aBERNAD, P. | ||
| 245 | _aIntegrated Inventory Management, | ||
| 250 | _a4th Ed. | ||
| 260 |
_aNew York, _bJohn Wiley & Sons, INC. _c1999. |
||
| 300 |
_axiv.; 491p.; Ill.; picture, _bIndex, _c24cm. |
||
| 942 |
_2ddc _cBKS |
||
| 999 |
_c5830 _d5830 |
||